00239 a2200085 4500020001500000082001600015245006700031260003700098300001800135 a8170293774 a005.265 SAl aProgramming in Microsoft Fortran 77 for IBM PC and Compatibles aNew DelhibBPB Publicationc1994 a297p .c25 cm